• 首页
  • 本馆介绍
  • 公告通知
  • 最新文献
  • 馆藏检索
  • 电子资源
  • 读者导购
  • 参考咨询
  • 我的图书馆
  • 登录
  • 详细信息显示
  • 放入我的书架
  • 预约/预借图书
  • 作者相关作品
  • 分类相关作品
  • 丛书相关作品
  • 出版社相关作品

书目信息

  • 表格格式
  • 工作单格式
  • 卡片格式
题名:
老庄的智慧
    
 
作者: 傅佩荣 著
分册:  
出版信息: 西安   陕西师范大学出版社  2011.1
页数: 153页
开本: 24cm
丛书名:
单 册:
中图分类: B223.15 , B223.55
科图分类:
主题词: 哲学思想
电子资源:
ISBN: 978-7-5613-5370-7
000 01019nam0 22003011 45
001 1360095312
005 20130530094638.76
010    @a978-7-5613-5370-7@dCNY28.00
100    @a20130513d2011 em y0chiy50 ea
101 0  @achi
102    @aCN@b610000
105    @ay z 000yy
106    @ar
200 1  @a老庄的智慧@ALao Zhuang De Zhi Hui@f傅佩荣著@FFu Pei Rong Zhu
210    @a西安@c陕西师范大学出版社@d2011.1
215    @a153页@d24cm
300    @a东方卫视世界文明讲坛/华以正主编
330    @a本书结合令现代人困惑的实际问题,运用老子的《道德经》及庄子的许多生动有趣的寓言故事,比照孔孟的思想,阐述了老庄对于人生中的美与丑、苦与乐、贫与富、生与死等问题的独到见解。
600  0 @a老子@x哲学思想@j通俗读物
600  0 @a庄周@f(约前369-前286)@x哲学思想@j通俗读物
600  0 @a老子
600  0 @a庄周@f(约前369-前286)
606 0  @a哲学思想
690    @aB223.15@v5
690    @aB223.55@v5
701  0 @a傅佩荣@AFu Pei Rong@4著
801    @aCN@bTANGWEI@c20130522
905    @b0834122-27@dB223.15@e439@f6
    
    老庄的智慧/傅佩荣著.-西安:陕西师范大学出版社,2011.1
    153页;24cm
    东方卫视世界文明讲坛/华以正主编
    
    ISBN 978-7-5613-5370-7:CNY28.00
    本书结合令现代人困惑的实际问题,运用老子的《道德经》及庄子的许多生动有趣的寓言故事,比照孔孟的思想,阐述了老庄对于人生中的美与丑、苦与乐、贫与富、生与死等问题的独到见解。
●
相关链接 在E读中查询图书 在五车中查询图书 在当当中查询图书 在豆瓣中查询图书


正题名:老庄的智慧     索取号:B223.15/439         预约/预借

序号 登录号 条形码 馆藏地/架位号 状态 备注
1 0834122   208341221   第一样本阅览室/ [索取号:B223.15/439] 在馆    
2 0834123   208341230   第一借阅区/ [索取号:B223.15/439] 在馆    
3 0834124   208341249   第一借阅区/ [索取号:B223.15/439] 在馆    
4 0834125   208341258   第一借阅区/ [索取号:B223.15/439] 在馆    
5 0834126   208341267   第一借阅区/ [索取号:B223.15/439] 在馆    
6 0834127   208341276   第一借阅区/ [索取号:B223.15/439] 在馆    
唐山师范学院图书馆 欢迎您!
大连网信软件有限公司© 版权所有